000 00448nam a22001697a 4500
003 OSt
005 20200811125830.0
008 200811b ||||| |||| 00| 0 spa d
040 _cCo-mqBPB
082 _a303.60986 M65a
100 _aMolano, Alfredo
_d1944-2019.
245 _aAhí les dejo esos fierros
_cAlfredo Molano.
300 _a223p
_c19 cm
500 _aBiografía
650 _2Violencia
_aColombia
_vRelatos personales
942 _2ddc
_cBK
999 _c12412
_d12412